Normal view
MARC view
Entry Topical Term
001 - CONTROL NUMBER
- control field: 20664
003 - CONTROL NUMBER IDENTIFIER
- control field: OSt
005 - DATE AND TIME OF LATEST TRANSACTION
- control field: 20230226165951.0
008 - FIXED-LENGTH DATA ELEMENTS
- fixed length control field: 230226|| aca||aabn | a|a d
040 ## - CATALOGING SOURCE
- Original cataloging agency: OSt
- Transcribing agency: OSt
150 ## - HEADING--TOPICAL TERM
- Topical term or geographic name entry element: ၸႃႇတၵ
670 ## - SOURCE DATA FOUND
- Source citation: Work cat.: (OSt): ၸၼ်ႇတႃႇဝရ၊ (ပိၼ်ႇတႅမ်ႈ) ၸဝ်ႈၸၢင်း 20663, ၸၢတ်ႈၼေႃႇၸဝ်ႈဝိထူႇရ